[Event "Bergens SK Høstturnering 2022"]
[Site "Bergens Schakklub"]
[Date "2022.09.06"]
[Round "1"]
[White "Lundstedt, Jonathan"]
[Black "Engelsen, Teodor Tenfjord"]
[Result "1/2-1/2"]
[WhiteElo "1537"]
[BlackElo "1758"]
[PlyCount "34"]
[EventDate "2022.??.??"]

1. d4 Nf6 2. c4 c5 3. d5 e6 4. Nc3 exd5 5. cxd5 d6 6. g3 g6 7. Bg2 Bg7 8. Nf3
O-O 9. O-O Na6 10. Bf4 Nc7 11. a4 b6 12. Re1 Rb8 13. e4 Bg4 14. h3 Bxf3 15.
Bxf3 Nfe8 16. Qd2 a6 17. e5 dxe5
1/2-1/2

[Event "Bergens SK Høstturnering 2022"]
[Site "Bergens Schakklub"]
[Date "2022.09.06"]
[Round "1"]
[White "Sviland, Atle"]
[Black "Texe, Eirik"]
[Result "1/2-1/2"]
[WhiteElo "1701"]
[BlackElo "1562"]
[PlyCount "118"]
[EventDate "2022.??.??"]

1. Nf3 Nf6 2. g3 g6 3. c4 c5 4. Nc3 Bg7 5. Bg2 O-O 6. O-O Nc6 7. d3 Rb8 8. Bg5
h6 9. Be3 d6 10. Qd2 Ng4 11. Rad1 a6 12. d4 Nxe3 13. fxe3 Qa5 14. b3 Bg4 15.
Nd5 Qxd2 16. Rxd2 Bxf3 17. Bxf3 cxd4 18. exd4 Bxd4+ 19. Kg2 e6 20. Ne7+ Nxe7
21. Rxd4 Nf5 22. Rd3 Rfd8 23. Rfd1 b5 24. c5 b4 25. e4 Ne7 26. Rxd6 Rdc8 27.
Rc1 Nc6 28. Be2 a5 29. Kf3 Kg7 30. Kf4 Kf6 31. h4 g5+ 32. hxg5+ hxg5+ 33. Ke3
Ke5 34. Bg4 Rc7 35. Rcd1 Na7 36. Rb6 Rh8 37. Ra6 Nc6 38. Rd6 Rhc8 39. Be2 Ne7
40. Rxa5 Rxc5 41. Rxc5+ Rxc5 42. Rd7 Kf6 43. Rb7 Rc3+ 44. Bd3 Nc6 45. Kd2 Rc5
46. Rb6 Ke5 47. Ke3 f5 48. exf5 exf5 49. Rb5 f4+ 50. gxf4+ gxf4+ 51. Kd2 Kd4
52. Rxc5 Kxc5 53. Be4 Ne5 54. Bb7 Kd4 55. Kc2 f3 56. Bxf3 Nxf3 57. Kb2 Nd2 58.
a3 bxa3+ 59. Kxa3 Nxb3
1/2-1/2

[Event "Bergens SK Høstturnering 2022"]
[Site "Bergens Schakklub"]
[Date "2022.09.06"]
[Round "1"]
[White "Selbekk, Vebjørn"]
[Black "Bjarnason, Snorri Vikanes"]
[Result "1/2-1/2"]
[WhiteElo "1910"]
[BlackElo "1673"]
[PlyCount "92"]
[EventDate "2022.??.??"]

1. d4 d5 2. e3 Nf6 3. Bd3 g6 4. f4 c5 5. c3 Bg7 6. Nf3 Nc6 7. O-O O-O 8. Nbd2
Qb6 9. Kh1 Bg4 10. h3 Bd7 11. Ne5 Qc7 12. Qf3 Rfd8 13. Rg1 Be8 14. Nf1 Nd7 15.
Bd2 Nf8 16. Be1 f6 17. Nxc6 Bxc6 18. f5 e5 19. fxe6 Nxe6 20. h4 f5 21. Ng3 f4
22. Ne2 Rf8 23. e4 dxe4 24. Bxe4 cxd4 25. Nxd4 Nxd4 26. cxd4 Bxd4 27. Bd5+ Kh8
28. Bc3 Bg7 29. Bxc6 bxc6 30. Rac1 Qe7 31. Qg4 Bxc3 32. Rxc3 Rf5 33. Rf1 Qf6
34. g3 Rb8 35. gxf4 Rxb2 36. Rb3 Rb5 37. Rxb5 cxb5 38. Rc1 Qf5 39. Rc8+ Kg7 40.
Rc7+ Kg8 41. Qxf5 gxf5 42. Rxa7 Rf2 43. Ra5 Rxf4 44. Rxb5 Rxh4+ 45. Kg2 Ra4 46.
Rxf5 Rxa2+
1/2-1/2

[Event "Bergens SK Høstturnering 2022"]
[Site "Bergens Schakklub"]
[Date "2022.09.06"]
[Round "1"]
[White "Andersen, Andreas Blomberg"]
[Black "Høyforsslett, Gard Rye"]
[Result "1/2-1/2"]
[WhiteElo "1581"]
[BlackElo "1741"]
[PlyCount "139"]
[EventDate "2022.??.??"]

1. d4 d5 2. c4 c6 3. Nf3 Nf6 4. e3 a6 5. Be2 Bf5 6. Nc3 e6 7. O-O Bd6 8. b3
Nbd7 9. Nh4 Bg6 10. Nxg6 hxg6 11. h3 g5 12. Bf3 Rh4 13. e4 Nxe4 14. Bxe4 dxe4
15. g3 Rh8 16. Nxe4 Be7 17. d5 exd5 18. cxd5 f5 19. dxc6 fxe4 20. cxd7+ Qxd7
21. Qxd7+ Kxd7 22. Kg2 Bf6 23. Rb1 Rac8 24. Rd1+ Ke6 25. Ba3 Rc2 26. Rd6+ Kf5
27. g4+ Kg6 28. Rc1 Rxa2 29. Bc5 Rc8 30. b4 Re8 31. Rb6 a5 32. bxa5 Rxa5 33.
Be3 Re7 34. Rcb1 Rc7 35. Rxb7 Rxb7 36. Rxb7 Ra1 37. Rb4 Rd1 38. Rxe4 Rd5 39.
Kg3 Be5+ 40. f4 gxf4+ 41. Bxf4 Rd3+ 42. Kg2 Bxf4 43. Rxf4 Kg5 44. Rf5+ Kg6 45.
Rf3 Rd2+ 46. Kg3 Kh6 47. h4 Rd6 48. h5 g6 49. hxg6 Kxg6 50. Kh4 Ra6 51. Rd3 Rb6
52. Rd8 Kg7 53. Kh5 Rb5+ 54. g5 Rb7 55. Rd6 Ra7 56. Rd5 Rb7 57. g6 Rc7 58. Kg5
Rc8 59. Rd7+ Kg8 60. Kh6 Rb8 61. Rd4 Rc8 62. Kg5 Rb8 63. Re4 Rc8 64. Kf6 Rc6+
65. Re6 Rxe6+ 66. Kxe6 Kg7 67. Kf5 Kg8 68. Kf6 Kf8 69. g7+ Kg8 70. Kg6
1/2-1/2

[Event "Bergens SK Høstturnering 2022"]
[Site "Bergens Schakklub"]
[Date "2022.09.13"]
[Round "2"]
[White "Engelsen, Teodor Tenfjord"]
[Black "Selbekk, Vebjørn"]
[Result "0-1"]
[WhiteElo "1758"]
[BlackElo "1910"]
[PlyCount "104"]
[EventDate "2022.??.??"]

1. c4 d6 2. d4 e5 3. d5 f5 4. Nc3 Nf6 5. Nf3 Be7 6. g3 O-O 7. Bg2 a5 8. O-O Na6
9. Nd2 Nc5 10. Nb3 Nfd7 11. e4 f4 12. f3 Bg5 13. Bh3 fxg3 14. hxg3 Bxc1 15.
Qxc1 Nxb3 16. axb3 Nc5 17. Bxc8 Qxc8 18. Qe3 Qh3 19. Ne2 Rf6 20. b4 Nd7 21.
Rxa5 Raf8 22. Qf2 Rxf3 23. Qxf3 Rxf3 24. Rxf3 Nf6 25. Ra8+ Kf7 26. Raa3 Ke7 27.
Kf2 Nxe4+ 28. Ke1 Qh1+ 29. Rf1 Qh6 30. Rd3 Qg5 31. c5 dxc5 32. bxc5 Nxc5 33.
Rc3 Kd6 34. Rc2 Qg6 35. Rc3 Nd3+ 36. Kd2 Nxb2 37. Rfc1 Qf7 38. Rb3 Qxd5+ 39.
Kc2 Qe4+ 40. Kxb2 Qxe2+ 41. Rc2 Qe4 42. Rd2+ Ke6 43. Rc2 Qd4+ 44. Kb1 Qe4 45.
Kb2 Kd7 46. Rd2+ Kc8 47. Rbd3 b6 48. Rd7 Qb4+ 49. Kc1 Qa3+ 50. Kb1 Qb4+ 51. Kc1
Qc4+ 52. Rc2 Qxc2+
0-1

[Event "Bergens SK Høstturnering 2022"]
[Site "Bergens Schakklub"]
[Date "2022.09.13"]
[Round "2"]
[White "Christoffersen, Odd"]
[Black "Lundstedt, Jonathan"]
[Result "1/2-1/2"]
[WhiteElo "1527"]
[BlackElo "1537"]
[PlyCount "101"]
[EventDate "2022.??.??"]

1. e4 c6 2. d4 d5 3. exd5 cxd5 4. Bd3 Nf6 5. h3 Nc6 6. Nf3 Qc7 7. c3 g6 8. O-O
Bg7 9. Re1 Bf5 10. Bxf5 gxf5 11. Qd3 Ne4 12. Nh4 e6 13. g3 Bf8 14. Bf4 Bd6 15.
Ng2 Rg8 16. Bxd6 Qxd6 17. Nd2 O-O-O 18. Nxe4 fxe4 19. Qe3 f5 20. Kh2 Rd7 21.
Rg1 Rdg7 22. Nh4 Ne7 23. f4 exf3 24. Qxf3 Ng6 25. Nxg6 Rxg6 26. Rae1 h5 27. Re5
h4 28. g4 Kd7 29. Kh1 fxg4 30. Rxg4 Rf8 31. Qxf8 Qxf8 32. Rxg6 Qf1+ 33. Kh2
Qf4+ 34. Kh1 Qc1+ 35. Rg1 Qxb2 36. Rh5 Qf2 37. Rg4 Qf1+ 38. Kh2 Qf2+ 39. Kh1
Qe1+ 40. Kh2 Qxc3 41. Rhxh4 Qf3 42. Rg2 a5 43. Rhg4 b5 44. h4 b4 45. h5 Qf5 46.
Rh4 Qf6 47. Kh3 Qf3+ 48. Kh2 Qf6 49. Kh3 Qf3+ 50. Kh2 Qf6 51. Kh3
1/2-1/2

[Event "Bergens SK Høstturnering 2022"]
[Site "Bergens Schakklub"]
[Date "2022.09.13"]
[Round "2"]
[White "Texe, Eirik"]
[Black "Lien, Sebastian"]
[Result "1-0"]
[WhiteElo "1562"]
[BlackElo "1588"]
[PlyCount "89"]
[EventDate "2022.??.??"]

1. c4 c5 2. g3 g6 3. Bg2 Bg7 4. Nc3 Nc6 5. Rb1 e6 6. e4 Nge7 7. Nge2 O-O 8. O-O
d6 9. d3 e5 10. a3 a5 11. Bd2 f5 12. Bg5 h6 13. Bxe7 Nxe7 14. exf5 Rxf5 15. Nd5
Rb8 16. Be4 Nxd5 17. Bxf5 Bxf5 18. cxd5 b5 19. Nc3 Rb6 20. b4 axb4 21. axb4 c4
22. Ne4 Qa8 23. Qf3 Qa3 24. g4 Bxe4 25. Qxe4 Qxd3 26. Qxd3 cxd3 27. Rbd1 e4 28.
Rfe1 e3 29. Rxe3 Bc3 30. Rdxd3 Bxb4 31. Re6 Kg7 32. Re7+ Kf6 33. Rde3 Bc5 34.
R3e4 Kg5 35. Kg2 Ra6 36. Kg3 Ra3+ 37. f3 Bf2+ 38. Kxf2 Kh4 39. Rb4 h5 40. gxh5+
Kxh5 41. Kg3 Kg5 42. Rf4 b4 43. Rh7 Rxf3+ 44. Rxf3 b3 45. h4#
1-0

[Event "Bergens SK Høstturnering 2022"]
[Site "Bergens Schakklub"]
[Date "2022.09.13"]
[Round "2"]
[White "Bjarnason, Snorri Vikanes"]
[Black "Fossheim, Yngve Götestam"]
[Result "1/2-1/2"]
[WhiteElo "1673"]
[BlackElo "1951"]
[PlyCount "101"]
[EventDate "2022.??.??"]

1. c4 b6 2. e4 Bb7 3. Nc3 e6 4. g3 f5 5. d3 Bb4 6. Bg2 fxe4 7. Nge2 Nc6 8. dxe4
e5 9. Be3 Nf6 10. h3 Na5 11. Qd3 O-O 12. O-O Bc5 13. Nd5 Bxd5 14. cxd5 Nb7 15.
f4 Qe7 16. Rac1 d6 17. a3 a5 18. f5 a4 19. Kh2 Bxe3 20. Qxe3 h6 21. g4 Nc5 22.
Nc3 Nb3 23. Rc2 Nd4 24. Rcf2 Nh7 25. Ne2 Nb3 26. Ng3 Qh4 27. Nh5 Nf6 28. Nxf6+
gxf6 29. Rc2 Nc5 30. Rf3 Kh7 31. Rg3 Rg8 32. Bf1 Qg5 33. Bb5 Qxe3 34. Rxe3 Ra5
35. Bc6 Rb8 36. Rg2 Rg8 37. h4 Rg7 38. Be8 Rg8 39. Bf7 Rg7 40. Bg6+ Rxg6 41.
fxg6+ Kxg6 42. Rc2 b5 43. Kg3 Ra8 44. Kf3 Rb8 45. Rec3 Rb7 46. Ke3 b4 47. axb4
Rxb4 48. Rc4 Rb3+ 49. R4c3 Rb4 50. Rc4 Rb3+ 51. R4c3
1/2-1/2

[Event "Bergens SK Høstturnering 2022"]
[Site "Bergens Schakklub"]
[Date "2022.09.13"]
[Round "2"]
[White "Høyforsslett, Gard Rye"]
[Black "Mongstad, Dag"]
[Result "1-0"]
[WhiteElo "1741"]
[BlackElo "1516"]
[PlyCount "51"]
[EventDate "2022.??.??"]

1. e4 e5 2. Nf3 Nc6 3. Bc4 Bc5 4. O-O Nf6 5. d4 exd4 6. e5 d5 7. exf6 dxc4 8.
fxg7 Rg8 9. Bg5 f6 10. Re1+ Kf7 11. Bh6 Bg4 12. h3 Bf5 13. Nbd2 Qd5 14. g4 Kg6
15. Nh4+ Kxh6 16. Nxf5+ Kg6 17. Nf3 Rxg7 18. N3h4+ Kf7 19. Nxg7 Kxg7 20. Nf5+
Kf7 21. Qd2 Ne5 22. Rxe5 fxe5 23. Qg5 Qf3 24. Re1 d3 25. Qg7+ Ke6 26. Rxe5#
1-0

[Event "Bergens SK Høstturnering 2022"]
[Site "Bergens Schakklub"]
[Date "2022.09.13"]
[Round "2"]
[White "Seymour, Max Bakke"]
[Black "Flemmen, Adrian"]
[Result "1-0"]
[WhiteElo "1613"]
[BlackElo "1371"]
[PlyCount "43"]
[EventDate "2022.??.??"]

1. e4 c5 2. Nf3 e6 3. d4 d5 4. exd5 exd5 5. Nc3 Nf6 6. Bg5 Be6 7. Bb5+ Nc6 8.
O-O a6 9. Bxc6+ bxc6 10. Re1 c4 11. Ne2 Be7 12. b3 cxb3 13. axb3 O-O 14. Ne5
Qc7 15. Qd3 a5 16. Nf4 h6 17. Nxe6 fxe6 18. Bxh6 gxh6 19. Qg6+ Kh8 20. Qxh6+
Kg8 21. Re3 Ne4 22. Qg6+
1-0

[Event "Bergens SK Høstturnering 2022"]
[Site "Bergens Schakklub"]
[Date "2022.09.13"]
[Round "2"]
[White "Larsen, Stig Børje"]
[Black "Agustsson, Hafsteinn"]
[Result "1/2-1/2"]
[WhiteElo "1719"]
[BlackElo "1776"]
[PlyCount "72"]
[EventDate "2022.??.??"]

1. d4 d5 2. Nc3 Nf6 3. Bf4 c6 4. e3 Bf5 5. f3 h6 6. g4 Bh7 7. Bd3 Qb6 8. Nge2
Nbd7 9. Bxh7 Nxh7 10. h4 Nhf6 11. Qd3 a5 12. b3 e6 13. a3 Qa6 14. Nc1 c5 15.
Qb5 cxd4 16. exd4 Bd6 17. Qxa6 Rxa6 18. Bxd6 Rxd6 19. Nb5 Rc6 20. c3 Ke7 21.
Nd3 Ne8 22. Kd2 Nd6 23. a4 Rb6 24. Nxd6 Kxd6 25. b4 axb4 26. cxb4 Rc6 27. Rhc1
Rhc8 28. Nc5 b6 29. Nxd7 Rxc1 30. Rxc1 Rxc1 31. Kxc1 Kxd7 32. Kd2 f6 33. f4 Kc6
34. h5 b5 35. a5 f5 36. Ke3 Kb7
1/2-1/2

[Event "Bergens SK Høstturnering 2022"]
[Site "Bergens Schakklub"]
[Date "2022.09.20"]
[Round "3"]
[White "Lundstedt, Jonathan"]
[Black "Seymour, Max Bakke"]
[Result "1/2-1/2"]
[WhiteElo "1537"]
[BlackElo "1613"]
[PlyCount "33"]
[EventDate "2022.??.??"]

1. f4 d5 2. e3 Bf5 3. Nf3 Nf6 4. b3 e6 5. Bb2 Be7 6. Bd3 Ne4 7. O-O Bf6 8. Nc3
Nxc3 9. Bxc3 Bxc3 10. dxc3 Nc6 11. Bxf5 exf5 12. Qd3 Qd7 13. Rad1 O-O-O 14. Rf2
f6 15. Rfd2 Ne7 16. c4 Qe8 17. Qe2
1/2-1/2

[Event "Bergens SK Høstturnering 2022"]
[Site "Bergens Schakklub"]
[Date "2022.09.20"]
[Round "3"]
[White "Fossheim, Yngve Götestam"]
[Black "Sviland, Atle"]
[Result "1-0"]
[WhiteElo "1951"]
[BlackElo "1701"]
[PlyCount "97"]
[EventDate "2022.??.??"]

1. d4 f5 2. g3 Nf6 3. Bg2 e6 4. c4 Be7 5. d5 e5 6. Qc2 d6 7. b3 O-O 8. Nh3 Qe8
9. Nc3 a5 10. f4 Na6 11. O-O Nc5 12. Ba3 Nce4 13. Nb5 Bd8 14. fxe5 Qxe5 15. Bb2
Qe8 16. Nf2 Qg6 17. Nxe4 Nxe4 18. Bxe4 fxe4 19. Rxf8+ Kxf8 20. Rf1+ Kg8 21. e3
Bh3 22. Rf2 Bg5 23. Qd2 Qh6 24. Bc1 Rc8 25. Nc3 Re8 26. Ne2 Bg4 27. h4 Bf6 28.
Bb2 Bf3 29. Bxf6 Qxf6 30. Nd4 Rf8 31. Ne6 Rf7 32. Ng5 Rf8 33. Ne6 Rf7 34. Qxa5
h6 35. Qd2 Qf5 36. Qe1 g5 37. hxg5 hxg5 38. Qa5 Qe5 39. Qa8+ Kh7 40. Rh2+ Kg6
41. Qg8+ Rg7 42. Qxg7+ Qxg7 43. Nxg7 Kxg7 44. a4 Bd1 45. a5 Bxb3 46. Rb2 Bxc4
47. Rxb7 Bxd5 48. Rxc7+ Kf6 49. a6
1-0

[Event "Bergens SK Høstturnering 2022"]
[Site "Bergens Schakklub"]
[Date "2022.09.20"]
[Round "3"]
[White "Agustsson, Hafsteinn"]
[Black "Bjarnason, Snorri Vikanes"]
[Result "1-0"]
[WhiteElo "1776"]
[BlackElo "1673"]
[PlyCount "83"]
[EventDate "2022.??.??"]

1. e4 e5 2. Nf3 Nc6 3. Bb5 a6 4. Ba4 Nf6 5. O-O b5 6. Bb3 Be7 7. Re1 O-O 8. c3
d6 9. a4 Rb8 10. d4 Bg4 11. axb5 Bxf3 12. Qxf3 Rxb5 13. Ba4 Rb6 14. d5 Nb8 15.
Nd2 Qc8 16. Nc4 Rb7 17. Na5 Rb6 18. b4 c5 19. dxc6 Nxc6 20. Nxc6 Rxc6 21. Bxc6
Qxc6 22. Qd3 Ra8 23. f3 Bd8 24. Re2 d5 25. exd5 Nxd5 26. Bd2 f6 27. Qe4 Bb6+
28. Kf1 a5 29. c4 Ne7 30. c5 Bd8 31. b5 Qc8 32. Bb4 Rb8 33. Qc4+ Kh8 34. Bxa5
Ra8 35. Rea2 Nf5 36. Bd2 Rb8 37. Qd5 Ne7 38. Qc4 Nf5 39. Qd5 Ne7 40. Qf7 h6 41.
Bb4 Rxb5 42. Qe8+
1-0

[Event "Bergens SK Høstturnering 2022"]
[Site "Bergens Schakklub"]
[Date "2022.09.20"]
[Round "3"]
[White "Selbekk, Vebjørn"]
[Black "Christoffersen, Odd"]
[Result "1/2-1/2"]
[WhiteElo "1910"]
[BlackElo "1527"]
[PlyCount "95"]
[EventDate "2022.??.??"]

1. Nf3 d5 2. g3 Nf6 3. Bg2 c5 4. O-O Nc6 5. d3 e6 6. Nbd2 Be7 7. e4 dxe4 8.
dxe4 O-O 9. c3 Bd7 10. Qc2 b5 11. a4 a6 12. axb5 axb5 13. Rxa8 Qxa8 14. e5 Nd5
15. Ne4 Qb8 16. Bg5 f6 17. exf6 gxf6 18. Bh6 Rf7 19. Re1 Qc8 20. Qe2 Nd8 21. h4
Bf8 22. Bxf8 Rxf8 23. c4 bxc4 24. Qxc4 Nb7 25. Bh3 f5 26. Nc3 Nxc3 27. Qxc3 Bc6
28. Ne5 Bd5 29. Qe3 Qd8 30. Nd3 Qd6 31. Nf4 Nd8 32. Rd1 Qc6 33. Nxd5 exd5 34.
Qg5+ Kh8 35. Bxf5 d4 36. Qe7 Rxf5 37. Qxd8+ Kg7 38. Re1 Qf3 39. Re7+ Rf7 40.
Rxf7+ Kxf7 41. Qc7+ Kg6 42. Qxc5 d3 43. Qd6+ Kf7 44. Qd7+ Kg6 45. Qe8+ Kg7 46.
Qe7+ Kg8 47. Qg5+ Kf7 48. Qd2
1/2-1/2

[Event "Bergens SK Høstturnering 2022"]
[Site "Bergens Schakklub"]
[Date "2022.09.27"]
[Round "4"]
[White "Bjarnason, Snorri Vikanes"]
[Black "Engelsen, Teodor Tenfjord"]
[Result "1/2-1/2"]
[WhiteElo "1673"]
[BlackElo "1758"]
[PlyCount "127"]
[EventDate "2022.??.??"]

1. c4 e5 2. Nf3 Nc6 3. d4 e4 4. Nfd2 f5 5. Nb3 Nf6 6. Bg5 h6 7. Bxf6 Qxf6 8.
Nc3 Bb4 9. Qd2 a5 10. a4 O-O 11. O-O-O d6 12. f4 Bd7 13. Na1 Ne7 14. Qc2 Bxc3
15. bxc3 Qf7 16. Qb3 Qe8 17. Qb1 Bxa4 18. Rd2 Qd7 19. e3 Rfb8 20. Rb2 c6 21.
Qa2 c5 22. Kd2 b6 23. Be2 Rb7 24. Nc2 Bxc2 25. Rxc2 Nc6 26. Rb1 Qd8 27. g3 Rab8
28. Ke1 Ne7 29. Rcb2 g5 30. Kf2 g4 31. Qa4 Nc8 32. Rh1 Qd7 33. Qa2 Kg7 34. Bd1
Ne7 35. Ba4 Qc7 36. Kg1 h5 37. h3 Rh8 38. Rbh2 Rbb8 39. Qb1 Qa7 40. Qb5 Qc7 41.
hxg4 hxg4 42. Rxh8 Rxh8 43. Rxh8 Kxh8 44. Qe8+ Ng8 45. Bd7 a4 46. Qh5+ Kg7 47.
Bxf5 Qe7 48. Qxg4+ Kf8 49. Be6 Nh6 50. Qh3 Nf7 51. d5 a3 52. Qg2 Qa7 53. Qa2
Qa5 54. Qa1 a2 55. Bf5 Qa4 56. Bxe4 Qxc4 57. Bc2 Qxd5 58. Qb2 Qa8 59. Qa1 Qd5
60. e4 Qc4 61. Qb2 Qa6 62. Qa1 Qc4 63. Qb2 Qa6 64. Qa1
1/2-1/2

[Event "Bergens SK Høstturnering 2022"]
[Site "Bergens Schakklub"]
[Date "2022.09.27"]
[Round "4"]
[White "Grønnestad, Anita"]
[Black "Lundstedt, Jonathan"]
[Result "1-0"]
[WhiteElo "1944"]
[BlackElo "1537"]
[PlyCount "61"]
[EventDate "2022.??.??"]

1. d4 f5 2. Bg5 h6 3. Bh4 g5 4. e3 Nf6 5. Bg3 d6 6. h4 g4 7. h5 Bg7 8. Bc4 Nbd7
9. Ne2 Nf8 10. c3 e6 11. Nd2 Qe7 12. Qb3 a6 13. a4 e5 14. O-O-O c6 15. dxe5
dxe5 16. a5 N8d7 17. Bh4 Qf8 18. Ng3 Nc5 19. Qc2 Nd5 20. b4 e4 21. bxc5 Qxc5
22. Bxd5 cxd5 23. Nb3 Qb5 24. Ne2 Bd7 25. Nf4 Rc8 26. Rxd5 Qc4 27. Nd4 Ba4 28.
Nxf5 Bxc2 29. Nd6+ Kf8 30. Nxc4 Bb3 31. Ng6+
1-0

[Event "Bergens SK Høstturnering 2022"]
[Site "Bergens Schakklub"]
[Date "2022.09.27"]
[Round "4"]
[White "Texe, Eirik"]
[Black "Selbekk, Vebjørn"]
[Result "0-1"]
[WhiteElo "1562"]
[BlackElo "1910"]
[PlyCount "70"]
[EventDate "2022.??.??"]

1. e4 d6 2. d4 Nf6 3. Nc3 g6 4. Be3 c6 5. Be2 Nbd7 6. f4 Nb6 7. Qd2 Ng4 8. Bxg4
Bxg4 9. h3 Nc4 10. Qd3 Nxe3 11. Qxe3 Bd7 12. Nf3 Qb6 13. O-O Bg7 14. b4 e5 15.
fxe5 dxe5 16. Rfd1 O-O-O 17. a3 exd4 18. Nxd4 Be6 19. e5 Bd5 20. Na4 Qa6 21.
Nc5 Qc4 22. Rd3 Rhe8 23. Rc3 Rxe5 24. Qd2 Bh6 25. Nf3 Bxd2 26. Rxc4 Bxc4 27.
Nxe5 Bc3 28. Nxc4 Bxa1 29. Nb3 Bd4+ 30. Kh2 f6 31. Kg3 Kc7 32. Kf3 b5 33. Ncd2
Bb2 34. Ne4 f5 35. Nf6 Bxf6
0-1

[Event "Bergens SK Høstturnering 2022"]
[Site "Bergens Schakklub"]
[Date "2022.09.27"]
[Round "4"]
[White "Christoffersen, Odd"]
[Black "Larsen, Stig Børje"]
[Result "1/2-1/2"]
[WhiteElo "1527"]
[BlackElo "1719"]
[PlyCount "140"]
[EventDate "2022.??.??"]

1. c4 g6 2. Nf3 Bg7 3. Nc3 d6 4. g3 e5 5. Bg2 Nc6 6. O-O Nge7 7. Rb1 O-O 8. b4
Rb8 9. Nd5 e4 10. Nxe7+ Qxe7 11. Ne1 f5 12. b5 Ne5 13. d3 exd3 14. exd3 Be6 15.
Nf3 h6 16. Re1 Qd7 17. Bb2 Ng4 18. Nh4 Bf7 19. Bxg7 Kxg7 20. Rb2 g5 21. Nf3
Rfe8 22. Rbe2 c6 23. Rxe8 Rxe8 24. Nd4 d5 25. bxc6 bxc6 26. c5 Kf6 27. h3 Ne5
28. Qb3 Qc7 29. Qc3 Kg6 30. Rb1 Nd7 31. Bf1 h5 32. Nb3 h4 33. d4 hxg3 34. fxg3
f4 35. Re1 Rxe1 36. Qxe1 fxg3 37. Kg2 Nf6 38. Bd3+ Kg7 39. Qxg3 Qxg3+ 40. Kxg3
Be6 41. Be2 Kf7 42. Nd2 Ke7 43. Bf3 Kd7 44. Bg2 Nh5+ 45. Kh2 Nf4 46. Bf1 Bf5
47. Kg3 Ne6 48. Nf3 Be4 49. Ne5+ Kc7 50. Kg4 Nxd4 51. Kxg5 Ne6+ 52. Kf6 Nxc5
53. h4 Nd7+ 54. Nxd7 Kxd7 55. Bh3+ Ke8 56. Ke5 c5 57. Bf1 Bf3 58. Kf4 Bd1 59.
Ke5 Bf3 60. Kf4 Bh1 61. Be2 Kf7 62. Ke5 Kg6 63. Kd6 c4 64. Kc5 Be4 65. Kd4 Bg2
66. Bg4 a5 67. a3 Be4 68. Be2 Bg2 69. Bg4 Be4 70. Be2 Bg2
1/2-1/2

[Event "Bergens SK Høstturnering 2022"]
[Site "Bergens Schakklub"]
[Date "2022.09.27"]
[Round "4"]
[White "Seymour, Max Bakke"]
[Black "Agustsson, Hafsteinn"]
[Result "0-1"]
[WhiteElo "1613"]
[BlackElo "1776"]
[PlyCount "46"]
[EventDate "2022.??.??"]

1. e4 c5 2. Nf3 Nc6 3. Bb5 g6 4. O-O Bg7 5. c3 Nf6 6. Re1 O-O 7. e5 Nd5 8. d4
cxd4 9. cxd4 d6 10. Nc3 dxe5 11. Bxc6 bxc6 12. Nxe5 Qb6 13. Na4 Qb5 14. Nc5
Bxe5 15. Rxe5 f6 16. Re1 e5 17. Bh6 Rf7 18. Nd3 Bf5 19. Nc5 Qxb2 20. dxe5 fxe5
21. g4 Bxg4 22. Nd3 Qd4 23. Qc2 Bf5
0-1

[Event "Bergens SK Høstturnering 2022"]
[Site "Bergens Schakklub"]
[Date "2022.10.04"]
[Round "5"]
[White "Engelsen, Teodor Tenfjord"]
[Black "Seymour, Max Bakke"]
[Result "0-1"]
[WhiteElo "1758"]
[BlackElo "1613"]
[PlyCount "109"]
[EventDate "2022.??.??"]

1. d4 d5 2. c4 c6 3. cxd5 cxd5 4. Bf4 Nf6 5. Nc3 Nc6 6. e3 a6 7. Bd3 Bg4 8. Qb3
Na5 9. Qc2 Rc8 10. h3 Bh5 11. Nge2 e6 12. O-O Be7 13. Bh2 Bg6 14. Rfc1 O-O 15.
Bxg6 hxg6 16. Qd3 b5 17. Rc2 Qd7 18. Rac1 Rc6 19. Nb1 Rfc8 20. f3 Bd8 21. Kf2
Bb6 22. Rxc6 Rxc6 23. Rxc6 Qxc6 24. Qc3 Qxc3 25. Nbxc3 Ne8 26. Nc1 Nb7 27. Nd3
Kf8 28. Ke2 Ke7 29. g4 f6 30. h4 Ned6 31. Nf4 Kf7 32. b3 Ba5 33. Kd3 Bc7 34.
Nfe2 Ke7 35. Bg3 Nd8 36. e4 dxe4+ 37. fxe4 N8f7 38. Ke3 g5 39. h5 Bb6 40. Kf3
Kd7 41. Bf2 Nd8 42. d5 Bxf2 43. Kxf2 e5 44. Ke3 N8b7 45. Nc1 Kc7 46. Nd3 Kb6
47. a4 Ka5 48. b4+ Kb6 49. a5+ Nxa5 50. bxa5+ Kxa5 51. Kd2 b4 52. Na2 Nxe4+ 53.
Ke3 b3 54. Nac1 Nc5 55. Nb2 {Hvit tapte pÃ¥ tid.}
0-1

[Event "Bergens SK Høstturnering 2022"]
[Site "Bergens Schakklub"]
[Date "2022.10.04"]
[Round "5"]
[White "Larsen, Stig Børje"]
[Black "Texe, Eirik"]
[Result "0-1"]
[WhiteElo "1719"]
[BlackElo "1562"]
[PlyCount "72"]
[EventDate "2022.??.??"]

1. d4 Nf6 2. Nc3 d5 3. Bf4 c6 4. e3 Bf5 5. f3 Bg6 6. Qd2 Nbd7 7. g4 e6 8. h4 h6
9. Nge2 Nb6 10. Ng3 Bd6 11. O-O-O Bxf4 12. exf4 Qd6 13. Rg1 O-O-O 14. h5 Bh7
15. g5 hxg5 16. fxg5 Nfd7 17. f4 Bf5 18. Nxf5 exf5 19. Rh1 Kb8 20. Bd3 Ka8 21.
Bxf5 Nc4 22. Qh2 Qb4 23. Rd3 Qxb2+ 24. Kd1 Rhe8 25. Ne2 Ndb6 26. Rb3 Qa1+ 27.
Nc1 Qxd4+ 28. Nd3 Ne3+ 29. Kc1 Nxf5 30. Ne5 f6 31. gxf6 gxf6 32. Nf7 Rd7 33.
Ng5 fxg5 34. fxg5 Rde7 35. c3 Re1+ 36. Rxe1 Rxe1+
0-1

[Event "Bergens SK Høstturnering 2022"]
[Site "Bergens Schakklub"]
[Date "2022.10.04"]
[Round "5"]
[White "Lien, Sebastian"]
[Black "Sviland, Atle"]
[Result "0-1"]
[WhiteElo "1588"]
[BlackElo "1701"]
[PlyCount "98"]
[EventDate "2022.??.??"]

1. d4 f5 2. g3 Nf6 3. Bg2 e6 4. h4 d6 5. Nh3 Be7 6. Bg5 Ne4 7. Bxe7 Qxe7 8. Nd2
d5 9. Nxe4 fxe4 10. Qd2 O-O 11. f4 c5 12. c3 Nc6 13. e3 Bd7 14. Nf2 cxd4 15.
exd4 Rae8 16. Ng4 Qf7 17. Ne5 Nxe5 18. dxe5 Bb5 19. Bf1 Bc6 20. Rg1 Rd8 21. Qd4
b6 22. Bh3 Qe7 23. Rd1 Bb5 24. Bf1 Bxf1 25. Rxf1 Qc5 26. Rf2 Qc6 27. Re2 a6 28.
Qe3 b5 29. Rd4 Qb7 30. Red2 a5 31. a3 Rc8 32. a4 b4 33. cxb4 axb4 34. Qb3 Rc1+
35. Kf2 Qa6 36. Re2 Rh1 37. Ke3 Rg1 38. Kf2 Rg2+ 39. Kxg2 Qxe2+ 40. Kg1 Rc8 41.
Qd1 Qxb2 42. Rd2 Qc3 43. Rg2 b3 44. Qb1 Qe3+ 45. Kh2 Rc1 46. Qb2 Qe1 47. Kh3
Qh1+ 48. Kg4 Qd1+ 49. Kg5 h6+
0-1

[Event "Bergens SK Høstturnering 2022"]
[Site "Bergens Schakklub"]
[Date "2022.10.04"]
[Round "5"]
[White "Fossheim, Yngve Götestam"]
[Black "Christoffersen, Odd"]
[Result "1-0"]
[WhiteElo "1951"]
[BlackElo "1527"]
[PlyCount "63"]
[EventDate "2022.??.??"]

1. d4 d5 2. c4 dxc4 3. e4 Nc6 4. Be3 Nf6 5. f3 e6 6. Bxc4 Be7 7. a3 O-O 8. Nc3
b6 9. Nge2 Na5 10. Ba2 Ba6 11. Qa4 Bxe2 12. Kxe2 Qd7 13. Qxd7 Nxd7 14. b4 Nb7
15. d5 exd5 16. Bxd5 Rab8 17. Nb5 c5 18. Bf4 cxb4 19. axb4 a5 20. Bxb8 Rxb8 21.
Bxb7 Rxb7 22. bxa5 bxa5 23. Rxa5 g6 24. Ra7 Rxa7 25. Nxa7 Bf6 26. Nc6 h5 27.
Rd1 Nf8 28. f4 Ne6 29. Kf3 Nc5 30. h3 Nb7 31. e5 Bh8 32. Rd5
1-0

[Event "Bergens SK Høstturnering 2022"]
[Site "Bergens Schakklub"]
[Date "2022.10.18"]
[Round "6"]
[White "Christoffersen, Odd"]
[Black "Engelsen, Teodor Tenfjord"]
[Result "0-1"]
[WhiteElo "1527"]
[BlackElo "1758"]
[PlyCount "62"]
[EventDate "2022.??.??"]

1. e4 c5 2. Nc3 Nc6 3. g3 g6 4. Bg2 Bg7 5. Nf3 e5 6. Nd5 d6 7. d3 Nge7 8. Nxe7
Qxe7 9. c3 O-O 10. O-O h6 11. a3 Be6 12. b4 a6 13. Rb1 Rfd8 14. c4 Kh7 15. Ne1
cxb4 16. axb4 Nd4 17. Be3 Qd7 18. Bxd4 exd4 19. f4 f5 20. exf5 Bxf5 21. Qf3
Rab8 22. b5 Re8 23. Nc2 Bg4 24. Qd5 Be6 25. Qf3 Bg4 26. Qd5 Be2 27. Rf2 Bxd3
28. bxa6 bxa6 29. Rxb8 Rxb8 30. Nxd4 Rb1+ 31. Bf1 Qh3
0-1

[Event "Bergens SK Høstturnering 2022"]
[Site "Bergens Schakklub"]
[Date "2022.10.18"]
[Round "6"]
[White "Texe, Eirik"]
[Black "Seymour, Max Bakke"]
[Result "0-1"]
[WhiteElo "1562"]
[BlackElo "1613"]
[PlyCount "44"]
[EventDate "2022.??.??"]

1. e4 c5 2. Nc3 d6 3. d4 cxd4 4. Qxd4 Nc6 5. Qd2 g6 6. b3 Bg7 7. Bb2 Nf6 8.
O-O-O O-O 9. Kb1 a5 10. a4 Be6 11. f3 Qb6 12. Nd5 Bxd5 13. exd5 Nb4 14. Bc4
Rfc8 15. Qe2 Nd7 16. Qxe7 Rxc4 17. Qxd7 Bxb2 18. bxc4 Nc6 19. Rd3 Bc3+ 20. Kc1
Qb2+ 21. Kd1 Qb1+ 22. Ke2 Qe1#
0-1